Central Library OPAC University of Rajshahi

Genetic engineering : (Record no. 37058)

MARC details
000 -LEADER
fixed length control field 01023nam a22002894a 4500
001 - CONTROL NUMBER
control field 37058
003 - CONTROL NUMBER IDENTIFIER
rucl marc code BD-RjUL
005 - DATE AND TIME OF LATEST TRANSACTION
control field 20211209052555.0
008 - FIXED-LENGTH DATA ELEMENTS--GENERAL INFORMATION
fixed length control field 141012s20032001njua b 001 0 eng
020 ## - INTERNATIONAL STANDARD BOOK NUMBER
International Standard Book Number 0130910856 (pbk.)
035 ## - SYSTEM CONTROL NUMBER
System control number (BD-RjUL)
040 ## - CATALOGING SOURCE
Original cataloging agency DLC
Transcribing agency DLC
Modifying agency DLC
-- BD-RjUL
Language of cataloging eng
041 ## - LANGUAGE CODE
Language code of text/sound track or separate title eng
082 00 - DEWEY DECIMAL CLASSIFICATION NUMBER
Classification number 174.957
Edition number 21
Author mark and year BOG 2003
100 1# - MAIN ENTRY--PERSONAL NAME
Personal name Boylan, Michael,
Dates associated with a name 1952-
9 (RLIN) 113301
245 10 - TITLE STATEMENT
Title Genetic engineering :
Remainder of title science and ethics on the new frontier /
Statement of responsibility, etc. Michael Boylan, Kevin E. Brown.
260 ## - PUBLICATION, DISTRIBUTION, ETC. (IMPRINT)
Place of publication, distribution, etc. Upper Saddle River, N.J. ;
-- New Delhi :
Name of publisher, distributor, etc. Prentice Hall/Pearson ,
Date of publication, distribution, etc. c2001 [Reprinted 2003]
300 ## - PHYSICAL DESCRIPTION
Pagination xi, 196 p. :
Illustrations ill. ;
Size 23 cm.
504 ## - BIBLIOGRAPHY, ETC. NOTE
Bibliography, etc Includes bibliographical references and index.
650 #0 - SUBJECT ADDED ENTRY--TOPICAL TERM
Topical term or geographic name as entry element Genetic engineering
General subdivision Moral and ethical aspects.
9 (RLIN) 113303
Topical term or geographic name as entry element Medical genetics
General subdivision Moral and ethical aspects.
9 (RLIN) 113304
700 1# - ADDED ENTRY--PERSONAL NAME
Personal name Brown, Kevin E.
942 ## - ADDED ENTRY ELEMENTS (KOHA)
Source of classification or shelving scheme Dewey Decimal Classification
Koha item type Books
Holdings
Lost status Source of classification or shelving scheme Damaged status Not for loan Permanent Location Current Location Shelving location Date acquired Source of acquisition Cost, normal purchase price Total Checkouts Full call number Date last seen Copy number Koha item type
  Dewey Decimal Classification   Not For Loan Institute of Biological Sciences (IBSc) Library Institute of Biological Sciences (IBSc) Library   12/10/2014 Karim International 200.00   174.957 BOG 2003 12/10/2014 C-1 Books